Statistics for Taylor Swift - Would've, Could've, Should've Lyrics

Click here to take the quiz!

General Stats

  • This quiz has been taken 84 times
  • The average score is 459 of 499

Answer Stats

Answer% Correct
a
100%
could've
100%
I
100%
If
100%
if
100%
it
100%
my
100%
should've
100%
The
100%
the
100%
was
100%
who
100%
would've
100%
Would've
100%
you
100%
And
98%
and
98%
first
98%
go
98%
in
98%
me
98%
then
98%
to
98%
us
98%
with
98%
all
96%
At
96%
at
96%
back
96%
be
96%
for
96%
girlhood
96%
mine
96%
never
96%
Never
96%
of
96%
used
96%
where
96%
danced
94%
devil
94%
Give
94%
miss
94%
On
94%
on
94%
regret
94%
rest
94%
this
94%
time
94%
do
92%
God
92%
hitting
92%
hurts
92%
let
92%
mind
92%
nineteen
92%
soul
92%
stayed
92%
that
92%
why
92%
won't
92%
can't
90%
close
90%
damn
90%
die?
90%
fight
90%
grown
90%
I'm
90%
like
90%
Living
90%
now
90%
pain
90%
thrill
90%
wound
90%
you'd
90%
away
88%
heaven
88%
knees
88%
know
88%
looked
88%
Looked
88%
Oh
88%
sleep
88%
sure
88%
your
88%
ghosts
85%
glance
85%
got
85%
is
85%
man?
85%
Memories
85%
scared
85%
truth
85%
way
85%
child
83%
death
83%
did
83%
feel
83%
matter
83%
tomb
83%
blinked
81%
down
81%
glass
81%
gone
81%
Gone
81%
pray
81%
Stained
81%
weapons
81%
windows
81%
clarity's
79%
God's
79%
hands?
79%
left
79%
splatter
79%
tearing
79%
wash
79%
wish
79%
Years
79%
you're
79%
our
77%
out
77%
promising
77%
sign
77%
waiting
77%
wondering
77%
as
75%
banners
75%
But
75%
keep
75%
paint
75%
some
75%
touched
75%
chance
73%
from
73%
honest
73%
I'd
73%
poison
73%
tasted
73%
boredom
71%
erase
71%
faith
71%
important
71%
made
71%
played
71%
safe
71%
saved
71%
Spit
71%
tried
71%
crisis
69%
righteous
69%
along
67%
only
67%
they
67%
about
65%
Lord
65%
whispered
63%
blushed
58%

Score Distribution

Percentile by Number Answered

Percent of People with Each Score

Your Score History

You have not taken this quiz